书目信息 |
| 题名: |
残障老人社区居家养老服务研究
|
|
| 作者: | 许琳 著 | |
| 分册: | ||
| 出版信息: | 北京 中国社会科学出版社 2016 |
|
| 页数: | 307页 | |
| 开本: | 24cm | |
| 丛书名: | 公共管理学术前沿文库 | |
| 单 册: | ||
| 中图分类: | D669.6 | |
| 科图分类: | ||
| 主题词: | 残疾人--can ji ren--养老--社区服务--研究--中国 | |
| 电子资源: | ||
| ISBN: | 978-7-5161-9096-8 | |
| 000 | 01525nam0 22002771 450 | |
| 001 | 0119171351 | |
| 005 | 20170619171351.0 | |
| 010 | @a978-7-5161-9096-8@dCNY76.00 | |
| 100 | @a20170328d2016 em y0chiy50 ea | |
| 101 | 0 | @achi |
| 102 | @aCN@b110000 | |
| 105 | @ay z 000yy | |
| 106 | @ar | |
| 200 | 1 | @a残障老人社区居家养老服务研究@9can zhang lao ren she qu ju jia yang lao fu wu yan jiu@e基于西部地区的调查@f许琳等著 |
| 210 | @a北京@c中国社会科学出版社@d2016 | |
| 215 | @a307页@d24cm | |
| 225 | 2 | @a公共管理学术前沿文库@9gong gong guan li xue shu qian yan wen ku |
| 300 | @a国家社会科学基金项目(一般项目)《西部地区老年残疾人居家养老服务供给体系研究》的最终成果 西北大学“双一流”建设项目、陕西省普通高校哲学社会科学特色学科建设项目《基于合作收益的公共管理学科建设》资助出版 | |
| 330 | @a本书以我国西部地区残障老人社区居家养老服务需求与供给体系为研究对象,以残障老年人均等享有公共服务为主线,采用问卷调查、统计分析、深度访谈与个案研究、比较分析等方法,沿着“规范研究—实证研究—对策研究”的思路以及“老年残障风险—残障老人居家养老服务需求—残障老人居家养老服务保障”的分析框架展开研究。突出了残障视角、东西部比较研究的视角以及实证研究特色,探索完善西部地区老年残疾人社区居家养老服务有效供给体系的框架及实现路径。 | |
| 461 | 0 | @12001 @a公共管理学术前沿文库 |
| 517 | 1 | @a基于西部地区的调查@9ji yu xi bu di qu de tiao cha |
| 606 | 0 | @a残疾人@9can ji ren@x养老@x社区服务@x研究@y中国 |
| 690 | @aD669.6@v5 | |
| 701 | 0 | @a许琳@9xu lin@4著 |
| 801 | 0 | @aCN@b百万庄@c20170617 |
| 905 | @b1013307-12@dD669.6@e180@f6 | |
| 残障老人社区居家养老服务研究:基于西部地区的调查/许琳等著.-北京:中国社会科学出版社,2016 |
| 307页;24cm.-(公共管理学术前沿文库) |
| 国家社会科学基金项目(一般项目)《西部地区老年残疾人居家养老服务供给体系研究》的最终成果 西北大学“双一流”建设项目、陕西省普通高校哲学社会科学特色学科建设项目《基于合作收益的公共管理学科建设》资助出版 |
| ISBN 978-7-5161-9096-8:CNY76.00 |
| 本书以我国西部地区残障老人社区居家养老服务需求与供给体系为研究对象,以残障老年人均等享有公共服务为主线,采用问卷调查、统计分析、深度访谈与个案研究、比较分析等方法,沿着“规范研究—实证研究—对策研究”的思路以及“老年残障风险—残障老人居家养老服务需求—残障老人居家养老服务保障”的分析框架展开研究。突出了残障视角、东西部比较研究的视角以及实证研究特色,探索完善西部地区老年残疾人社区居家养老服务有效供给体系的框架及实现路径。 |
| ● |
| 相关链接 |
|
|
|
|
正题名:残障老人社区居家养老服务研究
索取号:D669.6/180
 
预约/预借
| 序号 | 登录号 | 条形码 | 馆藏地/架位号 | 状态 | 备注 |
| 1 | 1013307 | 210133078 | 第一样本阅览室/ [索取号:D669.6/180] | 在馆 | |
| 2 | 1013308 | 210133087 | 教育系资料室/ [索取号:D669.6/180] | 在馆 | |
| 3 | 1013309 | 210133096 | 教育系资料室/ [索取号:D669.6/180] | 在馆 | |
| 4 | 1013310 | 210133103 | 教育系资料室/ [索取号:D669.6/180] | 在馆 | |
| 5 | 1013311 | 210133112 | 第一借阅区/ [索取号:D669.6/180] | 在馆 | |
| 6 | 1013312 | 210133121 | 第一借阅区/ [索取号:D669.6/180] | 在馆 |